[Event "Swiss Queens Wed #9"]
[Site "FIDE Online Arena INT"]
[Date "2024.03.27"]
[Round "4"]
[White "Zaksaite, Salomeja"]
[Black "Mikhaylova, Irina"]
[Result "1-0"]
[WhiteElo "2212"]
[BlackElo "2169"]
[PlyCount "97"]
[EventDate "2024.03.27"]
[EventType "swiss (blitz)"]
[EventRounds "11"]
[EventCountry "NET"]
[SourceTitle "CB14_2024"]
[SourceDate "2024.04.01"]
[SourceVersion "1"]
[SourceVersionDate "2024.04.01"]
[SourceQuality "1"]

1. e4 c5 2. Nf3 Nc6 3. Bb5 e6 4. 0-0 Nge7 5. Re1 Ng6 6. b3 Be7 7. Bb2 0-0 8. d4 cxd4 9. Nxd4 a6 10. Bf1 b5 11. a4 bxa4 12. Rxa4 Bb7 13. Na3 Nxd4 14. Rxd4 d5 15. exd5 exd5 16. Rd3 Bb4 17. c3 Bc5 18. Nc4 Nf4 19. Rd2 Qg5 20. Ne3 Nh3+ 21. Kh1 Nxf2+ 22. Rxf2 Bxe3 23. Rf3 d4 24. Rg3 Qd5 25. cxd4 Bf4 26. Rg4 Bc7 27. Bc4 Qd6 28. Rh4 Bd5 29. Qh5 h6 30. Qxd5 Qxd5 31. Bxd5 Rad8 32. Bc4 a5 33. d5 Rfe8 34. Rhe4 Rxe4 35. Rxe4 Kf8 36. g3 Bd6 37. Kg2 Rb8 38. Kf3 a4 39. Re3 a3 40. Bc3 f6 41. Re1 Re8 42. Rxe8+ Kxe8 43. Ke4 Kd8 44. b4 Be5 45. Bxe5 fxe5 46. Kxe5 Kc7 47. d6+ Kd8 48. Ke6 a2 49. Bxa2 1-0

[Event "Swiss Queens Wed #5"]
[Site "FIDE Online Arena INT"]
[Date "2024.02.28"]
[Round "1"]
[White "Mikhaylova, Irina"]
[Black "Lesbekova, Asel"]
[Result "1-0"]
[WhiteElo "2169"]
[BlackElo "1805"]
[PlyCount "181"]
[EventDate "2024.02.28"]
[EventType "swiss (blitz)"]
[EventRounds "11"]
[EventCountry "NET"]
[SourceTitle "CB10_2024"]
[SourceDate "2024.03.06"]
[SourceVersion "1"]
[SourceVersionDate "2024.03.06"]
[SourceQuality "1"]

1. d4 d5 2. Nf3 e6 3. c4 a6 4. cxd5 exd5 5. Nc3 c6 6. Bg5 Be7 7. Bxe7 Qxe7 8. e3 Bf5 9. Bd3 Qe6 10. Bxf5 Qxf5 11. Qb1 Ne7 12. Qxf5 Nxf5 13. Kd2 Nd6 14. Ke2 Nd7 15. Rhc1 Kd8 16. Rc2 Re8 17. Kf1 f6 18. Na4 Nc4 19. b3 Ncb6 20. Nc5 Nxc5 21. Rxc5 Kd7 22. Rac1 Kd6 23. g3 a5 24. Ne1 a4 25. Nd3 axb3 26. axb3 Ra3 27. R5c3 Nd7 28. b4 Rea8 29. Nc5 Rxc3 30. Rxc3 Nxc5 31. bxc5+ Kc7 32. Rb3 Ra2 33. Kg2 Rc2 34. Ra3 Kb8 35. Rb3 Ra2 36. Rb1 Kc7 37. h3 Ra6 38. g4 b6 39. cxb6+ Rxb6 40. Ra1 Kb7 41. Kf3 Rb2 42. h4 Kb8 43. Rc1 Kb7 44. Ra1 Kc7 45. g5 fxg5 46. hxg5 Rb7 47. Rh1 h6 48. gxh6 gxh6 49. Rxh6 Kb6 50. Rf6 Kb5 51. Kf4 c5 52. dxc5 Kxc5 53. Rf5 Kc4 54. Kf3 Re7 55. Rf4+ Kc5 56. Rd4 Rf7+ 57. Ke2 Ra7 58. Rd2 Rh7 59. Rc2+ Kd6 60. Kd3 Ke5 61. f4+ Kf5 62. Rc5 Ke6 63. Kd4 Rd7 64. Rc6+ Kf5 65. Rh6 Rd8 66. Rh5+ Ke6 67. Re5+ Kf6 68. Rxd5 Ra8 69. Ke4 Ke6 70. f5+ Kf6 71. Kf4 Rh8 72. Rd6+ Ke7 73. Re6+ Kf7 74. e4 Rh4+ 75. Ke5 Rh1 76. Ra6 Rb1 77. Ra7+ Kf8 78. Kf6 Rb6+ 79. Kg5 Rb5 80. Rd7 Re5 81. Kf4 Ra5 82. e5 Ke8 83. Rb7 Ra1 84. Kg5 Kf8 85. Kf6 Ke8 86. e6 Kd8 87. Rd7+ Ke8 88. Rh7 Kd8 89. Rh8+ Kc7 90. e7 Ra6+ 91. Kg5 1-0

[Event "Swiss Queens Wed #5"]
[Site "FIDE Online Arena INT"]
[Date "2024.02.28"]
[Round "2"]
[White "Shuvalova, Polina"]
[Black "Mikhaylova, Irina"]
[Result "1-0"]
[WhiteElo "2455"]
[BlackElo "2169"]
[PlyCount "53"]
[EventDate "2024.02.28"]
[EventType "swiss (blitz)"]
[EventRounds "11"]
[EventCountry "NET"]
[SourceTitle "CB10_2024"]
[SourceDate "2024.03.06"]
[SourceVersion "1"]
[SourceVersionDate "2024.03.06"]
[SourceQuality "1"]

1. e4 c5 2. Nf3 a6 3. c3 Nf6 4. e5 Nd5 5. d4 cxd4 6. cxd4 d6 7. Bc4 e6 8. 0-0 Be7 9. Qd2 b5 10. Bxd5 exd5 11. Nc3 Be6 12. Qe2 Nc6 13. Bf4 dxe5 14. dxe5 0-0 15. Rad1 b4 16. Ne4 Qa5 17. Nd6 Qxa2 18. Rd3 d4 19. Nxd4 Nxd4 20. Rxd4 a5 21. h3 Rab8 22. Qd2 Qa4 23. Rc1 Qa2 24. Rc7 Bd8 25. Rc6 Bb6 26. Rd3 Bc4 27. Nxc4 1-0

[Event "Swiss Queens Wed #4"]
[Site "FIDE Online Arena INT"]
[Date "2024.02.21"]
[Round "8"]
[White "Devanshi, Rathi"]
[Black "Mikhaylova, Irina"]
[Result "0-1"]
[WhiteElo "1559"]
[BlackElo "2169"]
[PlyCount "68"]
[EventDate "2024.02.21"]
[EventType "swiss (blitz)"]
[EventRounds "11"]
[EventCountry "NET"]
[SourceTitle "CB09_2024"]
[SourceDate "2024.02.28"]
[SourceVersion "1"]
[SourceVersionDate "2024.02.28"]
[SourceQuality "1"]

1. e4 c5 2. Nc3 Nc6 3. f4 g6 4. Nf3 Bg7 5. Bb5 Nd4 6. Nxd4 cxd4 7. Ne2 a6 8. Bc4 e6 9. d3 Ne7 10. 0-0 d5 11. Bb3 dxe4 12. dxe4 0-0 13. e5 Nc6 14. Qd3 b5 15. Rd1 Bb7 16. Nxd4 Nxd4 17. Qxd4 Qc7 18. Be3 g5 19. Qd6 Qxd6 20. Rxd6 gxf4 21. Bxf4 a5 22. a4 bxa4 23. Rxa4 Rfc8 24. Rad4 Bf8 25. Rd7 Bc5 26. Be3 Bxd4 27. Bxd4 Rd8 28. Rxb7 Rxd4 29. Kf2 a4 30. Ba2 Rd2+ 31. Kf3 Rxc2 32. Rb4 a3 33. Rg4+ Kf8 34. Bb3 Rxb2 0-1

[Event "Swiss Queens Wed #4"]
[Site "FIDE Online Arena INT"]
[Date "2024.02.21"]
[Round "6"]
[White "Pinto, Niyola"]
[Black "Mikhaylova, Irina"]
[Result "0-1"]
[WhiteElo "1015"]
[BlackElo "2169"]
[PlyCount "114"]
[EventDate "2024.02.21"]
[EventType "swiss (blitz)"]
[EventRounds "11"]
[EventCountry "NET"]
[SourceTitle "CB09_2024"]
[SourceDate "2024.02.28"]
[SourceVersion "1"]
[SourceVersionDate "2024.02.28"]
[SourceQuality "1"]

1. d4 Nf6 2. e3 g6 3. Bd3 Bg7 4. f4 0-0 5. Nf3 d6 6. 0-0 Nc6 7. Nbd2 e5 8. fxe5 dxe5 9. c3 Re8 10. e4 exd4 11. Bb5 dxc3 12. Bxc6 bxc6 13. bxc3 Ba6 14. Re1 Nxe4 15. Nxe4 Qxd1 16. Nf6+ Bxf6 17. Rxd1 Bxc3 18. Rb1 Rad8 19. Ba3 Rd5 20. Rdc1 Rd3 21. Rb3 Ba5 22. Rxd3 Bxd3 23. Rxc6 Bb6+ 24. Kh1 Be4 25. Rc1 c5 26. h3 Bxf3 27. gxf3 Re3 28. Bxc5 Bxc5 29. Rxc5 Rxf3 30. Rc7 Rxh3+ 31. Kg2 Ra3 32. Rc2 Kg7 33. Rc8 Rxa2+ 34. Kf3 a5 35. Ke3 a4 36. Ra8 a3 37. Kd3 Ra1 38. Kc3 a2 39. Kb2 Rh1 40. Kxa2 Re1 41. Kb2 Re6 42. Kc3 h5 43. Kd4 g5 44. Kd5 h4 45. Ra2 Kg6 46. Rh2 Kh5 47. Rf2 Kg6 48. Kd4 g4 49. Kd5 g3 50. Rg2 Kg5 51. Kd4 Kg4 52. Kd5 h3 53. Rg1 h2 54. Rh1 Kh3 55. Rxh2+ gxh2 56. Kd4 h1Q 57. Kc5 Qe4 0-1

[Event "Swiss Queens Wed #2"]
[Site "FIDE Online Arena INT"]
[Date "2024.02.07"]
[Round "4"]
[White "Mikhaylova, Irina"]
[Black "Kusakina, Uliana"]
[Result "1-0"]
[WhiteElo "2169"]
[BlackElo "1602"]
[PlyCount "77"]
[EventDate "2024.02.07"]
[EventType "swiss (blitz)"]
[EventRounds "11"]
[EventCountry "NET"]
[SourceTitle "CB07_2024"]
[SourceDate "2024.02.14"]
[SourceVersion "1"]
[SourceVersionDate "2024.02.14"]
[SourceQuality "1"]

1. d4 Nf6 2. Nf3 d5 3. c4 e6 4. Bg5 Be7 5. e3 0-0 6. Nc3 c6 7. Qc2 Nbd7 8. Rd1 h6 9. Bh4 b6 10. a3 Bb7 11. Be2 c5 12. dxc5 bxc5 13. cxd5 exd5 14. 0-0 Rc8 15. Qf5 Qb6 16. Qb1 Qe6 17. Rc1 Ne4 18. Bxe7 Qxe7 19. Nxe4 dxe4 20. Nd2 Kh8 21. Nc4 Ne5 22. Nxe5 Qxe5 23. Qc2 Rfd8 24. Rfd1 Rxd1+ 25. Rxd1 Qe6 26. Bc4 Qe7 27. Qd2 f5 28. Qd7 Qxd7 29. Rxd7 Rb8 30. b3 a5 31. a4 Kh7 32. h4 Kg6 33. h5+ Kxh5 34. Rxg7 Bc6 35. Be2+ Kh4 36. Kh2 f4 37. exf4 Rxb3 38. g3+ Rxg3 39. fxg3# 1-0